Pop music production manufactured pop and boybands of the 1990s

Պահպանված է:
Մատենագիտական մանրամասներ
Հիմնական հեղինակ: HARDING, Phil
Ձևաչափ: Գիրք
Լեզու:անգլերեն
Հրապարակվել է: Routledge 2020
Ցուցիչներ: Ավելացրեք ցուցիչ
Չկան պիտակներ, Եղեք առաջինը, ով նշում է այս գրառումը!

MARC

LEADER 00000nam a22000007a 4500
008 230120b |||||||| |||| 00| 0 eng d
020 |a 9780815392811 
100 |a HARDING, Phil 
245 |a Pop music production  |b manufactured pop and boybands of the 1990s  |c Phil Harding  |e Perspectives on music production  |g xii, 192p ;ill 
260 |b Routledge  |c 2020  |h New York  |i 699794   |i  699795  |l ML3470.H22  |m Popular music-1991-2000-History and criticism  |m Popular music- Production and direction History   |m Boys bands-History 
500 |a Includes bibliographical references and index. 
942 |a lcc  |c BK  |e Johnson  |f 20/01/23 
952 |0 0  |1 0  |2 lcc  |4 0  |6 ML3470 H22  |7 0  |9 4177  |a ART  |b HOL  |c LP  |d 2023-01-20  |l 0  |o ML3470.H22  |p 2023-0107  |r 2023-01-20 00:00:00  |t 699794  |w 2023-01-20  |y BK 
952 |0 0  |1 0  |2 lcc  |4 0  |6 ML3470 H22  |7 0  |9 4178  |a HOL  |b HOL  |c LP  |d 2023-01-20  |l 0  |o ML3470.H22  |p 2023-0108  |r 2023-01-20 00:00:00  |t 699795  |w 2023-01-20  |y BK 
999 |c 2093  |d 2093